El proceso, la pandemia y el pase sanitario en la Provincia de Buenos Aires (Registro nro. 33851)

Detalles MARC
000 -LEADER
fixed length control field 00398 a2200121 4500
001 - CONTROL NUMBER
control field ART_56245
005 - DATE AND TIME OF LATEST TRANSACTION
control field 20260410162029.0
008 - FIXED-LENGTH DATA ELEMENTS--GENERAL INFORMATION
fixed length control field 260409a
100 1# - MAIN ENTRY--PERSONAL NAME
Personal name Rossi, Jorge O.
245 10 - TITLE STATEMENT
Title El proceso, la pandemia y el pase sanitario en la Provincia de Buenos Aires
700 1# - ADDED ENTRY--PERSONAL NAME
Personal name Cofré, Noelia M.
773 0# - HOST ITEM ENTRY
Title Temas de derecho procesal
Related parts - Año 6, N° 5 (mayo 2022)
Record control number REV44095

No hay ítems disponibles.